Theodore Mouse up in the air / (Record no. 1153)

MARC details
000 -LEADER
fixed length control field 01000nam a2200289 a 4500
005 - DATE AND TIME OF LATEST TRANSACTION
control field 20260202125846.0
020 ## - INTERNATIONAL STANDARD BOOK NUMBER
International Standard Book Number 033500002045
040 ## - CATALOGING SOURCE
Original cataloging agency DLC
Transcribing agency DLC
Modifying agency DLC
Language of cataloging eng
050 00 - LIBRARY OF CONGRESS CALL NUMBER
Classification number PZ7.M929
Item number Tgh 1986
082 00 - DEWEY DECIMAL CLASSIFICATION NUMBER
Classification number Fic
Edition number 19
100 1# - MAIN ENTRY--PERSONAL NAME
Personal name Muntean, Michaela.
245 10 - TITLE STATEMENT
Title Theodore Mouse up in the air /
Statement of responsibility, etc. by Michaela Muntean ; illustrated by Lucinda McQueen.
260 ## - PUBLICATION, DISTRIBUTION, ETC.
Place of publication, distribution, etc. New York :
Name of publisher, distributor, etc. Golden Press ;
Place of publication, distribution, etc. Racine, Wis. :
Name of publisher, distributor, etc. Western Publishing Company, Inc.,
Date of publication, distribution, etc. 1986.
300 ## - PHYSICAL DESCRIPTION
Extent 23 unnumbered pages:
Other physical details color illustrations. ;
Dimensions 21 cm
490 0# - SERIES STATEMENT
Series statement A Little golden book
500 ## - GENERAL NOTE
General note "A Golden book."
505 ## - FORMATTED CONTENTS NOTE
Formatted contents note F <br/>
520 ## - SUMMARY, ETC.
Summary, etc. Eager to see the world, Theodore Mouse makes a balloon from bed sheets and flies away on the wind.
521 ## - TARGET AUDIENCE NOTE
Target audience note 320 <br/>
Source Lexile <br/>
521 ## - TARGET AUDIENCE NOTE
Target audience note F <br/>
Source Raz-Plus <br/>
650 #1 - SUBJECT ADDED ENTRY--TOPICAL TERM
Topical term or geographic name entry element Mice
General subdivision Fiction.
650 #1 - SUBJECT ADDED ENTRY--TOPICAL TERM
Topical term or geographic name entry element Balloons
General subdivision Fiction.
700 1# - ADDED ENTRY--PERSONAL NAME
Personal name McQueen, Lucinda,
Relator term illustrator.
906 ## - LOCAL DATA ELEMENT F, LDF (RLIN)
a 7
b cbc
c orignew
d 2
e ocip
f 19
g y-gencatlg
942 ## - ADDED ENTRY ELEMENTS (KOHA)
Source of classification or shelving scheme Dewey Decimal Classification
Koha item type Books
Suppress in OPAC No
999 ## -
-- 1153
-- 1153
Holdings
Withdrawn status Lost status Source of classification or shelving scheme Damaged status Not for loan Collection Home library Current library Shelving location Date acquired Total Checkouts Full call number Barcode Date last seen Date last checked out Price effective from Koha item type
    Dewey Decimal Classification     Juvenile Fiction Footprints International School Library Network Toul Tom Poung Campus Footprints International School Library Network Toul Tom Poung Campus TTP Primary Green Bookshelves 08/04/2023 3 MUN Fic PZ7.M929 FISBK00183 02/27/2026 02/02/2026 08/04/2023 Books